| 000 | 00968nam a2200277 4500 | ||
|---|---|---|---|
| 001 | 54032 | ||
| 003 | ES-MaACL | ||
| 005 | 20240418111914.0 | ||
| 007 | t| | ||
| 008 | 031121s1985 sp ||||0| spa d | ||
| 016 | 7 | _zIBH8505925493 | |
| 020 | _a84-306-4155-6 | ||
| 040 |
_aIBH _bspa _cM-BN-DP |
||
| 080 | _a860-14.09"19"(04) | ||
| 100 | 1 |
_aGuillén, Jorge, _d1893-1984 _960765 |
|
| 245 | 1 | 3 |
_aEl argumento de la obra y otras prosas críticas / _cJorge Guillén ; estudio preliminar, edición y notas de Diego Martínez Torrón. |
| 260 |
_aMadrid : _bTaurus, _c[1985] |
||
| 300 |
_a169 p ; _c18 cm. |
||
| 490 | 1 |
_aTemas de España. Clasicos ; _v155 |
|
| 504 | _aBibliografía: p. 67-69. | ||
| 650 | 4 |
_aPoesía española- _yS.XX- _xHistoria y crítica. _916167 |
|
| 700 | 0 |
_aMartínez Torrón, Diego, _d1950- _978451 |
|
| 830 | 0 |
_aTemas de España. Clasicos ; _v155 _9186769 |
|
| 852 |
_aES-MaACL _jL-26684 _bR.132213 |
||
| 999 |
_c54032 _d54032 |
||